书目信息 |
| 题名: |
信号与线性系统分析
|
|
| 作者: | 吴大正 主编 | |
| 分册: | ||
| 出版信息: | 北京 高等教育出版社 1986 |
|
| 页数: | 527页 | |
| 开本: | 26cm | |
| 丛书名: | ||
| 单 册: | ||
| 中图分类: | TN911.6 | |
| 科图分类: | ||
| 主题词: | 通信理论 | |
| 电子资源: | ||
| ISBN: | ||
| 000 | 00505nam0 2200193 45 | |
| 001 | 0009190907 | |
| 005 | 20070725102344.14 | |
| 010 | @dCNY5.05 | |
| 091 | @aCN@b15010.0723 | |
| 100 | @a20000919d1986 km y0chiy0120 ea | |
| 101 | 0 | @achi |
| 200 | 1 | @a信号与线性系统分析@f吴大正主编@FWu Da Zheng Zhu Bian |
| 210 | @a北京@c高等教育出版社@d1986@h1987 | |
| 215 | @a527页@d26cm | |
| 606 | 0 | @a通信理论 |
| 690 | @aTN911.6@v3 | |
| 701 | 0 | @a吴大正@4主编 |
| 801 | @aCN@bTSSF@c20070725 | |
| 905 | @a10447@dTN911.6@e103 | |
| 信号与线性系统分析/吴大正主编.-北京:高等教育出版社,1986(1987) |
| 527页;26cm |
| ISBN :CNY5.05 |
| ● |
| 相关链接 |
|
|
|
|
正题名:信号与线性系统分析
索取号:TN911.6/103
 
预约/预借
| 序号 | 登录号 | 条形码 | 馆藏地/架位号 | 状态 | 备注 |
| 1 | 0766135 | 207661350 | 第二样本阅览室/ [索取号:TN911.6/103] | 在馆 |